Unfolding the Future of the Long War (Record no. 352784)
[ view plain ]
| 000 -LEADER | |
|---|---|
| fixed length control field | 00849nam a2200133Ia 4500 |
| 008 - FIXED-LENGTH DATA ELEMENTS--GENERAL INFORMATION | |
| fixed length control field | 171212s9999 xx 000 0 und d |
| 020 ## - INTERNATIONAL STANDARD BOOK NUMBER | |
| International Standard Book Number | 9780833046314 |
| 100 ## - MAIN ENTRY--PERSONAL NAME | |
| Personal name | Pernin, Christopher G.;Nichiporuk, Brian;Stahl, Dale;Beck, Justin;Radaelli-Sanchez, Ricky |
| 245 ## - TITLE STATEMENT | |
| Statement of responsibility, etc | Pernin, Christopher G.;Nichiporuk, Brian;Stahl, Dale;Beck, Justin;Radaelli-Sanchez, Ricky |
| Title | Unfolding the Future of the Long War |
| Remainder of title | Motivations, Prospects, and Implications for the U.S. Army |
| 260 ## - PUBLICATION, DISTRIBUTION, ETC. (IMPRINT) | |
| Name of publisher, distributor, etc | RAND Corporation |
| Date of publication, distribution, etc | 2008 |
| 650 ## - SUBJECT ADDED ENTRY--TOPICAL TERM | |
| Topical term or geographic name as entry element | Political Science |
| 650 ## - SUBJECT ADDED ENTRY--TOPICAL TERM | |
| Topical term or geographic name as entry element | United States -- Military policy -- Forecasting; Islamic countries -- Military relations -- United States -- Forecasting; United States -- Military relations -- Islamic countries -- Forecasting; War on Terrorism, 2001– -- Forecasting; Military planning -- |
| 856 ## - ELECTRONIC LOCATION AND ACCESS | |
| Uniform Resource Identifier | <a href="www.jstor.org/stable/10.7249/mg738a">www.jstor.org/stable/10.7249/mg738a</a> |
| Withdrawn status | Lost status | Damaged status | Home library | Current library | Date acquired | Total Checkouts | Full call number | Date last seen | Price effective from | Koha item type |
|---|---|---|---|---|---|---|---|---|---|---|
| College Library | College Library | 12/12/2017 | UA23.U46 2008 | 12/12/2017 | 12/12/2017 | Curriculum - Based eBooks |